Peach and another v Iain G Chalmers & Co and others (Record no. 36579)
[ view plain ]
| 000 -LEADER | |
|---|---|
| fixed length control field | 01633cab a2200241 4500 |
| 001 - CONTROL NUMBER | |
| control field | ABS46824 |
| 008 - FIXED-LENGTH DATA ELEMENTS--GENERAL INFORMATION | |
| fixed length control field | 090401t1992 xxu||||| |||| 00| 0 eng d |
| 035 ## - SYSTEM CONTROL NUMBER | |
| System control number | (Sirsi) u59590 |
| 041 ## - LANGUAGE CODE | |
| Language code of text/sound track or separate title | eng |
| 245 ## - TITLE STATEMENT | |
| Title | Peach and another v Iain G Chalmers & Co and others |
| 260 ## - PUBLICATION, DISTRIBUTION, ETC. | |
| Date of publication, distribution, etc. | 1992 |
| 350 ## - PRICE (NR) (BK AM CF MU VM SE) [OBSOLETE] | |
| Price | 0 |
| 490 ## - SERIES STATEMENT | |
| Series statement | Estates Gazette |
| Volume/sequential designation | (1992) 26 EG 145-152(5) |
| 520 ## - SUMMARY, ETC. | |
| Summary, etc. | Court of Session 27 February 1992 Claim by plaintiffs (P) for reparation for alleged professional negligence arising out of a valuation report prepared by a firm of chartered surveyors. The report valued P`s home at £34,000 and described the method of construction as traditional. Two years later when P tried to sell, it was found to be of non-traditional construction known as PRC, identified as Dorran type of construction. The house was valued at £25,000. P sought damages of £18,000. Held that failure to identify the type of house was an act of negligence. On the evidence the diminished values of PRC were well known by the date of the report in 1982 and such houses were fetching lower prices than those of traditional construction. There was also evidence that by 1982, some building societies, surveyors and estate agencies were not entirely happy about Dorran houses. Had the surveyors recognised that P`s house was a Dorran type they would have valued it in the region of £25,000. Damag |
| 650 ## - SUBJECT ADDED ENTRY--TOPICAL TERM | |
| Topical term or geographic name entry element | ABOUT RICS-RICS MEMBERS |
| 650 ## - SUBJECT ADDED ENTRY--TOPICAL TERM | |
| Topical term or geographic name entry element | DORRAN HOUSES |
| 650 ## - SUBJECT ADDED ENTRY--TOPICAL TERM | |
| Topical term or geographic name entry element | NEGLIGENCE |
| 650 ## - SUBJECT ADDED ENTRY--TOPICAL TERM | |
| Topical term or geographic name entry element | PRC HOUSES |
| 650 ## - SUBJECT ADDED ENTRY--TOPICAL TERM | |
| Topical term or geographic name entry element | Valuation |
| 9 (RLIN) | 6273 |
| 690 ## - LOCAL SUBJECT ADDED ENTRY--TOPICAL TERM (OCLC, RLIN) | |
| Topical term or geographic name as entry element | MANAGEMENT-BUSINESS MANAGEMENT-PROFESSIONAL PRACTICE |
| 942 ## - ADDED ENTRY ELEMENTS (KOHA) | |
| Suppress in OPAC | 0 |
| 948 ## - LOCAL PROCESSING INFORMATION (OCLC); SERIES PART DESIGNATOR (RLIN) | |
| c (OCLC) | 04/03/1997 |
| Withdrawn status | Lost status | Source of classification or shelving scheme | Damaged status | Not for loan | Home library | Current library | Shelving location | Date acquired | Total Checkouts | Full call number | Barcode | Date last seen | Copy number | Price effective from | Koha item type |
|---|---|---|---|---|---|---|---|---|---|---|---|---|---|---|---|
| Dewey Decimal Classification | London | London | Journal article | 14/09/1999 | ABS46824 | 59590-1001 | 06/08/2019 | 1 | 06/08/2019 | Law report |